000 00908nmm a2200265 a 4500
001 ocm0001231977
003 TR-IsHL
005 20201028155634.0
008 150709s2015 tu tur
007 cr cn
035 _a1231977
_b(N$T)
050 0 4 _aDR439
_b.A75 2015
090 0 4 _aDR439
_b.A75 2015
100 1 _aAsilhan, Ali
245 1 0 _aOsmanlı'dan miras: derin yara
_h[electronic resource] /
_cAli Asilhan ; editör Cengiz Zengin
260 _aİstanbul :
_bBilgeoğuz Yayınları,
_c2015
300 _a229 p.
650 4 _aTarih
650 4 _aHistory
650 0 _aTürkiye
_xTarih
_xOsmanlı İmparatorluğu, 1288-1918
650 0 _aTurkey
_xHistory
_xOttoman Empire, 1288-1918
650 7 _aHISTORY / Middle East / Turkey & Ottoman Empire
_2bisacsh
700 1 _aZengin, Cengiz
856 4 0 _uhttp://search.ebscohost.com/login.aspx?direct=true&scope=site&db=e011xww&AN=1231977
999 _c13187
_d13187